000 00620nam a2200217Ii 4500
003 JO-AjNU
008 230605s9999||||xx |||||||||||||| ||und||
017 _a2015/3/1272
020 _a978-9957-89-133-6
040 _aJO-AjNU
_bara
_erda
_cJO-AjNU
041 _aara
050 1 4 _aPJ7538.M5799.2015
100 3 _aمقدادي، زياد محمود,
_eauthor
_963474
245 0 0 _aاوراق بين الادب ونقده
250 _aط1
300 _a103ص
336 _atext
_btxt
_2rdacontent
337 _aunmediated
_bn
_2rdamedia
338 _avolume
_bnc
_2rdacarrier
650 4 _aالادب-نقده
_963475
999 _aA28795
_c32363
_d32363